000 00714nam a2200289Ia 4500
005 20260324113756.0
008 008 260324s9999 xx 000 0 eng d
020 _a9781003139126
037 _aEBOOK
040 _aCRL
040 _beng
040 _cCRL
041 _2eng
041 _aeng
084 _qCRL
100 _aAmbika Prasad Patra; Kusa Kumar Shaha
_91148124
245 0 _aMedical Jurisprudence & Clinical Forensic Medicine
245 3 _bAn Indian Perspective
260 _bTaylor and Francis
260 _c2023
365 _a
365 _b420
856 _uhttp://www.taylorfrancis.com/books/9781003139126
942 _cEBOOK
999 _c1737950
_d1737950